000 005630000a22002050004500
001 17670
010 _a972-21-0071-8
090 _a17670
100 _a20041216d2002 k y0pory5003 ba
101 0 _apor
102 _aPT
200 1 _aO último voo do flamingo
_fMia Couto
205 _a3ª ed
210 _aLisboa
_cCaminho
_d2002
215 _a231
225 2 _aOutras margens
_v4
675 _a821.134.3(679)-31"19"
_vBN
_zpor
700 1 _aCouto
_bMia
_cpseud.
942 _cMON
_n0
999 _a17670
_bBibliobase - BMTAV
_c2019-01-21